| 000 | 00746nam a2200229 i 4500 | ||
|---|---|---|---|
| 001 | 117778 | ||
| 003 | ES-MaACL | ||
| 005 | 20251015063117.0 | ||
| 007 | t| | ||
| 008 | 070214s1958 sp r ||||1| spa d | ||
| 100 | 1 |
_aPapini, Giovanni, _d1881-1956 _988874 |
|
| 245 | 1 | 0 |
_aObras de Giovanni Papini / _c[traducción de Mario Verdaguer, Antonio de Ben y Carlos Povo Domingo]. |
| 260 |
_aBarcelona : _bJosé Janés, _c1958. |
||
| 300 |
_aXVI, 1575 p., 21 lám ; _c17 cm. |
||
| 490 | 1 | _aMaestros de hoy | |
| 700 | 1 |
_aPovo Domingo, Carlos. _993493 |
|
| 700 | 1 |
_aBen, Antonio de. _9165355 |
|
| 700 | 0 |
_aVerdaguer, Mario. _9114001 |
|
| 830 | 0 |
_aMaestros de hoy _9182411 |
|
| 852 |
_aES-MaACL _jP-545 _bR.42933 |
||
| 999 |
_c117778 _d117778 |
||